000 00485nam a2200169Ia 4500
008 090711s9999 xx 000 0 und d
082 _b37202
100 _aभागवत यशवंत
245 _aरु पेरी आकाश
260 _c1977
300 _a140
600 _aभागवत यशवंत
630 _aरु पेरी आकाश
700 _aभागवत यशवंत
730 _aरु पेरी आकाश
942 _cBOOK
999 _c287697
_d287697